00646nai a2200169Ia 4500003000900000008004100009022002200050022002300072040001600095245004600111260008600157310001400243362002500257521006900282650003200351856009300383IN-BaIIA211028c9999 xx s 000 0 eng d a2156-3381 (Print) a2156-3403 (Online) cIIA Library 0aIEEE Journal of Photovoltaicsh[eJournal] aNew York, USAbThe Institute of Electrical and Electronics Engineers, Inc. (IEEE) aBimonthly a1(1); 2011 - Present bSubscribed through National Knowledge Resource Consortium (NKRC) aPhotonics and Electrooptics uhttps://ieeexplore.ieee.org/servlet/opac?punumber=5503869yClick Here to Access eJournal